Dictionnaire grec-français : à l'usage des élèves des lycées et des collèges
Saved in:
| Main Author: | |
|---|---|
| Other Authors: | |
| Format: | Unknown |
| Language: | French |
| Published: |
Paris
Librairie Hachette
1919
|
| Edition: | 8e éd. rev |
| Textbook Catalogue: | MANES: Library Catalog Search Result |
| Textbook Classification: |
|
| Tags: |
Add Tag
No Tags, Be the first to tag this record!
|
| Added to: | 2016-04-26 |
| Changed in: | 2026-01-30 |
MARC
| LEADER | 000000000a22000000004500 | ||
|---|---|---|---|
| 001 | 34055 | ||
| 003 | OSt | ||
| 005 | 20260130100429.0 | ||
| 008 | 160427s fr ||||| |||| 00| 0 fre d | ||
| 040 | |a manes |c manes | ||
| 041 | |a Francés | ||
| 100 | 1 | |a Bailly, Anatole |9 19439 | |
| 690 | |a LC | ||
| 700 | 1 | |a Egger, émile |b col |9 19440 | |
| 245 | 0 | 0 | |a Dictionnaire grec-français : à l'usage des élèves des lycées et des collèges |
| 250 | |a 8e éd. rev | ||
| 260 | 3 | |a Paris |b Librairie Hachette |c 1919 | |
| 300 | |a XXIX, 2227 p. |c 25 cm | ||
| 500 | |a Signatura Topográfica: 1808. Enc. pasta. Sello en portada: "Instituto-Escuela de Segunda Enseñanza, Madrid". Texto a tres col. | ||
| 691 | 0 | |a SE | |
| 942 | |2 ddc |c BK | ||
| 546 | |a España | ||
| 999 | |c 41017 |d 41017 | ||
| 999 | |c manes:41017 |d 41017 | ||